| 000 | 00726cam a2200181 a 4500 | ||
|---|---|---|---|
| 020 | _a0077073800 (McGrawHill, U.K.) | ||
| 020 | _a0945824327 (Computational Mechanics : U.S.) | ||
| 020 | _a1853120499 (Computational Mechanics) | ||
| 020 | _a1853120499 (Computational, U.K.) | ||
| 082 | 0 | 4 |
_a624.171 _bCOM _cL-NUST, P-42 |
| 245 | 0 | 4 |
_aThe Future of structural testing : _bproceedings of a colloquium held at Burwalls, Bristol University in May 1988. |
| 260 |
_aBoston : _bComputational Mechanics co-published with McGraw-Hill, _c1990. |
||
| 300 |
_a194, [3] p. : _bill. ; _c25 cm. |
||
| 526 |
_a0 _b0 _c0 _d624_171000000000000_COM |
||
| 650 | 0 |
_aMCE _9379 |
|
| 650 | 0 |
_aStructural analysis (Engineering) _9654 |
|
| 942 |
_2ddc _cBK |
||
| 999 |
_c546528 _d546528 |
||